000 00738nam a2200253Ia 4500
003 OSt
005 20220918174838.0
006 a|||||r|||| 00| 0
007 ta
008 220917b |||||||| |||| 00| 0 eng d
024 _a14,409
037 _cTextual
040 _aARTS
_cARTS
_beng
041 _2eng
_aeng
082 _aNT56,J6<-D800, L8
100 _aTydeman William
_951975
245 0 _aTheatre in the middle age
_b Western European stage conditions , c. 800-1576
260 _aCambridge
_bCUP
_c1978
300 _axii,298p. illus
_ccm.
500 _aBibliographyb 277-82; Glossary 283-86p
650 _aARTS
942 _hNT56,J6<-D800, L8
_cTEXL
_2CC
999 _c154957
_d154957